| 000 | 00935cam a2200289 a 4500 | ||
|---|---|---|---|
| 001 | 13865580 | ||
| 003 | OSt | ||
| 005 | 20230313135722.0 | ||
| 008 | 050209s2006 caua b 001 0 eng d | ||
| 010 | _a 2005921952 | ||
| 020 | _a0357670701 | ||
| 035 | _a(OCoLC)ocm61455844 | ||
| 040 |
_aBSC _cBSC _dDLC |
||
| 042 | _alccopycat | ||
| 050 | 0 | 0 |
_aHF5381 _b.S43 2013 |
| 100 | 1 | _aSharf, Richard S. | |
| 245 | 1 | 0 |
_aApplying career development theory to counseling / _cRichard S. Sharf. |
| 250 | _a6th ed. | ||
| 260 |
_aBelmont, CA : _bThomson, Brooks/Cole, _cc2006. |
||
| 300 | _aXiii, 498p. | ||
| 504 | _aIncludes bibliographical references and indexes. | ||
| 650 | 0 | _aVocational guidance. | |
| 650 | 0 | _aCareer development. | |
| 906 |
_a7 _bcbc _ccopycat _d3 _eepcn _f20 _gy-gencatlg |
||
| 942 |
_2lcc _cBK |
||
| 999 |
_c20055 _d20054 |
||